| 000 | 00480nam a2200133Ia 4500 | ||
|---|---|---|---|
| 003 | GCL | ||
| 008 | 140319s9999 xx 000 0 ara d | ||
| 040 |
_aGCL / _cGCL |
||
| 082 | 0 | 4 |
_a157.92 _bم ت |
| 100 | 1 | _aمحمد السيد الهابط | |
| 245 | 1 | 0 |
_aالتكيف والصحة النفسية الامراض النفسية - الامراض العقلية مشكلات الاطفال وعلاجها / _cمحمد السيد الهابط |
| 300 | _a252 | ||
| 490 |
_a100 قصة _v0 |
||
| 999 |
_c43355 _d43355 |
||